000 00491nam a2200157 i 4500
001 87954
003 ES-MaACL
005 20230906175756.0
007 t|
008 041229s1907 fr ||||1| fre d
100 1 _aLachelier, Jules.
_969360
245 1 0 _aEtudes sur le syllogisme suivies de l'observation de Platner et d'une note sur le "Philèbe" /
_cpar J. Lachelier.
260 _aParis :
_bAlcan,
_c1907 (
_eSens :
_fMiriam)
300 _a163 p. ;
_c18 cm.
852 _aES-MaACL
_jF-11846
999 _c87954
_d87954